Statistics for Countries with embassies and consulates in Nicaragua

Click here to take the quiz!

General Stats

  • This quiz has been taken 11 times
  • The average score is 29 of 33

Answer Stats

Continent Country % Correct
South AmericaArgentina
100%
EuropeFrance
100%
South AmericaVenezuela
100%
North AmericaUnited States of America
100%
EuropeSpain
100%
North AmericaPanama
100%
South AmericaBrazil
100%
North AmericaHonduras
100%
EuropeGermany
100%
AsiaJapan
100%
North AmericaEl Salvador
100%
South AmericaEcuador
100%
North AmericaCanada
100%
South AmericaChile
100%
South AmericaColombia
100%
North AmericaCosta Rica
100%
North AmericaCuba
100%
North AmericaDominican Republic
100%
Asia/ EuropeRussia
91%
North AmericaGuatemala
91%
South AmericaUruguay
91%
AsiaSouth Korea
91%
South AmericaPeru
91%
EuropeItaly
91%
North AmericaMexico
91%
AsiaIran
82%
EuropeVatican City
82%
EuropeSwitzerland
64%
AsiaTaiwan
64%
AfricaLibya
45%
AsiaPalestine
45%
EuropeLuxembourg
36%
AfricaWestern Sahara
36%

Score Distribution

Percentile by Number Answered

Percent of People with Each Score

Your Score History

You have not taken this quiz